000 00353nam a2200169Ia 4500
100 _aCole/Eric
650 _aNetwork Security
942 _cBK
366 _f27
654 _anetwork security
245 _aNetwork security bible
260 _bWiley
_c2009
082 _a5.8
_bCOL
300 _a891
546 _aENGLISH
_celectronics
999 _c28622
_d28622